000 01462nam a22003973i 4500
001 1420518
003 CZ PrSKC
005 20260428123433.0
007 ta
008 260407s2026 xr a e 000 0 cze d
020 _a9788076883383
040 _aCBA001
_bcze
_erda
072 7 _a59
_xZoologie
_2Konspekt
072 7 _a0/9-053.2
_xLiteratura pro děti a mládež (naučná)
_2Konspekt
080 _a595.799
_2MRF
080 _a(0.053.2)
_2MRF
080 _a(0.025.2)
_2MRF
080 _a(02)004.031.42
_2MRF
100 1 _aNezvedová, Kristýna
_4ill
_920730
245 1 0 _aVčelí úl :
_binteraktivní mluvicí kniha /
_cilustrace: Kristýna Nezvedová
250 _a1. vydání
264 1 _aPraha :
_bAlbi,
_c2026
300 _a14 nečíslovaných stran :
_bbarevné ilustrace ;
_c27 cm
490 1 _aKouzelné čtení
500 _aBez textu
500 _aKartonové listy
500 _aFunguje pouze s elektronickou Albi tužkou, která není součástí publikace
520 2 _aInteraktivní obrazová kniha s pevnými listy plná informací o včelách, včelím společenství, nesmírném významu včel pro přírodu a přínosech pro člověka. Plné využití pouze s elektronickou mluvící tužkou.
650 0 7 _avčely
_2czenas
_97583
655 7 _ainteraktivní mluvící knihy
_99294
655 7 _aleporela
_9906
655 7 _apublikace pro děti
710 2 _aAlbi (firma)
_4pbl
_913389
910 _aABG508
999 _c34230
_d34230